000 00726cab a2200217 4500
001 ABS44388
008 090401t1991 xxu||||| |||| 00| 0 eng d
035 _a(Sirsi) u46865
041 _aeng
100 _aJohnson, R.
245 _aTo invest or not to invest?
260 _c1991
350 _a0
490 _aEstates Gazette
_v(9115) 20 April 1991, 76-77 (2)
520 _aBegins with a resume of the purpose of enterprise zones before considering investment activity between 1989 and 1991 and predicting the future market .
650 _aFORECAST
650 _aST QUINTIN PROPERTY FINANCE
690 _aPROPERTY-COMMERCIAL PROPERTY-COMMERCIAL PROPERTY FINANCE AND INVESTMENT
942 _n0
948 _c04/03/1997
999 _c29582
_d29582